KOHA-Header-6

Corba A Guide to Common Object (Record no. 7187)

000 -LEADER
fixed length control field 00255nam a2200109Ia 4500
100 ## - MAIN ENTRY--AUTHOR NAME
Personal name Ron Ben
245 #0 - TITLE STATEMENT
Title Corba A Guide to Common Object
260 ## - PUBLICATION, DISTRIBUTION, ETC. (IMPRINT)
Place of publication USA
Name of publisher Macmillan
Year of publication 1995
300 ## - PHYSICAL DESCRIPTION
Number of Pages 353
942 ## - ADDED ENTRY ELEMENTS (KOHA)
Koha item type Books
Holdings
Withdrawn status Lost status Collection code Permanent Location Current Location Shelving location Date acquired Full call number Accession Number Koha item type
    Computer Science MAJU MAJU   2019-09-12 005.2 916 Computer Science

Powered by Koha